Lanean...
Ente odakkuzhal
| Egile nagusia: | |
|---|---|
| Formatua: | Printed Book |
| Argitaratua: |
Thiruvananthapuram, Paridhi Publications
2004
|
| Gaiak: |
| LEADER | 005410000a22001810004500 | ||
|---|---|---|---|
| 040 | |a MAL | ||
| 082 | |a A301 ROS/E P4 | ||
| 100 | |a Rosa Urumboli; Author | ||
| 245 | |a Ente odakkuzhal | ||
| 250 | |||
| 260 | |a Thiruvananthapuram, Paridhi Publications | ||
| 260 | |c 2004 | ||
| 460 | |a 56p | ||
| 465 | |a Rs.40.00 | ||
| 500 | |a Rosa Urumboli | ||
| 650 | |a Short stories, Malayalam | ||
| 999 | |c 36469 |d 36469 | ||
| 952 | |0 0 |1 0 |4 0 |6 A_000000000000000_301_ROSE_P4 |7 0 |8 MAL |9 36924 |a MGUL |b MGUL |d 2013-07-16 |e Rs.40.00 |l 0 |o A301 ROS/E P4 |p 36286 |r 2013-07-16 |w 2013-07-16 |y BK | ||